00209 a2200109 4500001000700000020000600007040001100013100003500024240001800059245001300077362000900090177263 a  cMagnum a3 Serie - Prof. Marlene - 199810aFolclorelpor10aFolclore0 a1899